Polish Cities: Hearts of Iron 4 - Statistics

General Stats
  • This quiz has been taken 169 times
  • The average score is 17 of 28
Answer Stats
State Victory Points City % Correct
Warszawa 25 Warsaw
100%
Kraków 20 Kraków
97%
Danzig 10 Danzig
96%
Gdynia 5 Gdynia
95%
Łódź 10 Łódź
93%
Poznan 10 Poznań
93%
Lwów 3 Lwów
91%
Katowice 5 Katowice
90%
Kielce 5 Kielce
89%
Wilno 3 Wilno
89%
Lublin 1 Lublin
88%
Białystok 3 Białystok
87%
Płock 5 Płock
87%
Stanisławów 1 Stanisławów
81%
Kielce 5 Radom
52%
Gdynia 5 Toruń
48%
Polesie 1 Brześć Litewski
47%
Nowogródek 3 Grodno
46%
Białystok 1 Suwałki
43%
Gdynia 1 Bydgoszcz
42%
Kraków 3 Tarnów
31%
Wołyn 1 Równe
27%
Warszawa 1 Siedlce
26%
Kraków 1 Zamość
20%
Polesie 1 Pińsk
19%
Wołyn 3 Kowel
17%
Nowogródek 1 Baranowicze
16%
Wilejka 1 Mołodeczno
8%
No matching quizzes found
Score Distribution
Percent of People with Each Score
Percentile by Number Answered
Your Score History
You have not taken this quiz